MARC details
| 000 -CABECERA |
| campo de control de longitud fija |
02397nab a2200265 ab4500 |
| 005 - FECHA Y HORA DE LA ÚLTIMA TRANSACCIÓN |
| campo de control |
20260220122747.0 |
| 008 - ELEMENTOS DE LONGITUD FIJA--INFORMACIÓN GENERAL |
| campo de control de longitud fija |
251016c2025 cl fr p#o# #00| spa d |
| 003 - IDENTIFICADOR DEL NÚMERO DE CONTROL |
| campo de control |
|
| 040 ## - FUENTE DE LA CATALOGACIÓN |
| Centro catalogador/agencia de origen |
MX-MxUPN |
| Lengua de catalogación |
spa |
| Centro/agencia transcriptor |
MX-MxUPN |
| Normas de descripción |
aacr2 |
| 100 1# - ASIENTO PRINCIPAL--NOMBRE PERSONAL |
| Nombre de persona |
Morán del Castillo, Marta |
| 9 (RLIN) |
58851 |
| 100 1# - ASIENTO PRINCIPAL--NOMBRE PERSONAL |
| Nombre de persona |
Martín Ayala, Juan Luis |
| 9 (RLIN) |
58852 |
| 245 1# - MENCIÓN DE TÍTULO |
| Título |
Parentalidad positiva y prevención de la población infanto-juvenil con relación a su salud mental : |
| Resto del título |
una revisión actualizada |
| Medio |
[recurso electrónico en línea] |
| 506 0# - NOTA DE RESTRICCIONES AL ACCESO |
| Limitaciones de acceso |
Acceso abierto |
| 520 3# - NOTA DE RESUMEN, ETC. |
| Sumario, etc. |
La parentalidad positiva se presenta como un nuevo reto para la sociedad actual en la que profesionales de la salud mental y profesionales del ámbito psicoeducativo proporcionan a las familias programas parentales, para fortalecer el funcionamiento familiar y empoderar a los progenitores con relación a la crianza de sus hijos. El presente trabajo busca describir un conjunto de publicaciones científicas para tratar de buscar correlaciones significativas entre la parentalidad positiva y la prevención del fututo de la población infanto-juvenil con relación a su salud mental, a partir del fortalecimiento del funcionamiento familiar y la reducción del impacto de las experiencias adversas durante la infancia y la adolescencia. Se realizó una revisión sistemática exploratoria del tema con un cribado de los parámetros “Positive parenting AND Mental disorders AND Prevention” a través de artículos de investigación publicados en revistas arbitradas y con revisión en cuatro bases de datos —Redalyc, la Biblioteca Virtual de Salud (BVS), PubMed y SciencieDirect—, de las que se examinaron 229, 31, 20 y 48 artículos, respectivamente. Los artículos fueron seleccionados basándose en criterios predefinidos y haciendo uso de limitadores. Finalmente, se seleccionaron un total de 61 artículos que fueron analizados y categorizados en los apartados correspondientes planteados. |
| Fuente proveedora |
Psykhe |
| 650 ## - ASIENTO SECUNDARIO DE MATERIA - TERMINO TEMATICO |
| Término de materia o nombre geográfico como elemento de entrada |
Salud mental |
| 653 ## - TERMINO DE INDIZACION - NO CONTROLADO |
| Término no controlado |
Parentalidad positiva |
| 650 #2 - ASIENTO SECUNDARIO DE MATERIA - TERMINO TEMATICO |
| Término de materia o nombre geográfico como elemento de entrada |
Trastornos mentales |
| 9 (RLIN) |
15459 |
| 650 #4 - ASIENTO SECUNDARIO DE MATERIA - TERMINO TEMATICO |
| Término de materia o nombre geográfico como elemento de entrada |
Psicología |
| 9 (RLIN) |
38 |
| 653 ## - TERMINO DE INDIZACION - NO CONTROLADO |
| Término no controlado |
Experiencias adversas tempranas |
| 773 ## - ENLACE AL DOCUMENTO FUENTE/ENTRADA DE REGISTRO ANFITRIÓN |
| Parte(s) relacionada(s) |
Vol. 34, no. 1, (2025), p. 1-26 |
| Título |
Psykhe |
| Número Internacional Normalizado para Publicaciones Seriadas |
0718-2228 |
| 856 4# - LOCALIZACIÓN Y ACCESO ELECTRÓNICOS |
| Identificador Uniforme del Recurso |
<a href="https://ojs.uc.cl/index.php/psykhe/article/view/49413">https://ojs.uc.cl/index.php/psykhe/article/view/49413</a> |
| 856 4# - LOCALIZACIÓN Y ACCESO ELECTRÓNICOS |
| Identificador Uniforme del Recurso |
<a href="https://ojs.uc.cl/index.php/psykhe/article/view/49413/69016">https://ojs.uc.cl/index.php/psykhe/article/view/49413/69016</a> |
| 902 ## - ELEMENTOS DE DATOS B LOCAL, LDB (RLIN) |
| Creó |
Leonor Sotres/200226 |
| 942 ## - ELEMENTOS DE PUNTO DE ACCESO ADICIONAL (KOHA) |
| Tipo de ítem Koha |
Artículo Electrónico |